Mindsail

Saved in:
Bibliografiske detaljer
Hovedforfatter: Gay, Anne (Author)
Format: Bog
Sprog:engelsk
Udgivet: Londres Orbit 1991
Fag:
Tags: Tilføj Tag
Ingen Tags, Vær først til at tagge denne postø!

MARC

LEADER 00000cam a2200000 a 4500
001 UCF6283
003 CL-VaPUC
008 130418e19910000UK |||||||||||||||||eng|d
082 0 4 |a 823  |b GAY  |2 21 
100 0 |a Gay, Anne  |e author  |9 568292 
245 1 0 |a Mindsail 
300 |a 378 p 
942 |c BK 
945 |d 20130418 00:00:00  |a dcastane 
260 |a Londres  |b Orbit  |c 1991 
650 0 |a Novelas inglesas  |9 265220 
650 0 |a Literatura inglesa  |9 312907 
583 |a last modification  |c 20130418 10:21:00  |k Rodrigo Vera 
999 |c 351555  |d 351553 
952 |0 0  |1 0  |4 0  |6 823_000000000000000_GAY_1991  |7 0  |8 A  |9 455737  |a BIBEDU  |b BIBEDU  |d 2019-11-22  |i 4947304  |o 823 GAY 1991  |p 4947304  |r 2019-11-22  |w 2019-11-22  |y BK  |k LIT